LEADER 01523nam a2200313 i 4500 001 000000148816 003 CaOOAMICUS 005 20060316000000.0 008 060316s2006 it u000 u ita u 013 $a126134 020 $a88-399-0818-8 040 $aSeMil$bita 100 1 $aKuschel, Karl-Josef <1948- >.$0(OLS)http://semarc/name/19828 240 10$aJud, Christ und Muselmann vereinigt? Lessings "Nathan der Weise".$0(OLS)http://semarc/title/217536 245 12$aL'ebreo, il cristiano e il musulmano s'incontrano? :$b"Nathan il saggio" di Lessing /$cKarl-Josef Kuschel ; [trad. dal tedesco Carlo Danna]. 260 $aBrescia :$bQueriniana,$c2006. 300 $a303 p. ;$c20 cm. 490 0 $aGiornale di teologia ;$v318 500 $aContiene : Bibliografia scelta. 650 4$aDialogo interreligioso.$0(OLS)http://semarc/subject/2257 650 4$aLessing, Gotthold Ephraim - Parabola dei tre anelli.$0(OLS)http://semarc/subject/29049 700 1 $aDanna, Carlo.$0(OLS)http://semarc/name/2768 830 0$aGiornale di teologia ;$v318.$0(OLS)http://semarc/title/419620 850 $aSeMil 852 $aSeMil$W1$xVenegono$y1$m2M III 718$j101171$B101171$CSeMilBibl$Z2$F109888 $81 961 $aSottoscrizione: Queriniana 996 $6020$a88-399-0818-8$9(OLS)http://semarc/number/137794 996 $6245$aL'ebreo, il cristiano e il musulmano s'incontrano? :$b"Nathan il saggio" di Lessing$9(OLS)http://semarc/title/217535 996 $6260$aBrescia :$bQueriniana$9(OLS)http://semarc/publisher/29615 LEADER 01302nam a2200277 i 4500 001 000000117460 003 CaOOAMICUS 005 20030826000000.0 008 030826s1975 fr u000 u mul u 013 $a90149 040 $aSeMil$bita 100 1 $aDhuoda .$0(OLS)http://semarc/name/90388 245 10$aManuel pour mon fils /$cDhuoda ; introduction, texte critique, notes par Pierre Riché ; traduction par Bernard de Vregille et Claude Mondésert. 260 $aParis :$bLes Éditions du Cerf,$c1975. 300 $a394 p. ;$c20 cm. 490 0 $aSources Chrétiennes ;$vN°225. 500 $aTesto latino a fronte. - Dalla biblioteca del card. Giovani Colombo. 700 1 $aRiché, Pierre,$d<1921-2019>.$0(OLS)http://semarc/name/17079 700 1 $aVregille, Bernard : de,$c.$0(OLS)http://semarc/name/17501 700 1 $aMondésert, Claude,$c.$0(OLS)http://semarc/name/89098 830 0$aSources chrétiennes ;$vN°225.$0(OLS)http://semarc/title/72 850 $aSeMil 852 $aSeMil$W1$xVenegono$y1$mSL1.T V 225$j72850$B72850$CSeMilBibl$Z2$F76174 $8I 961 $aLascito: Colombo Card. Giovanni 996 $6245$aManuel pour mon fils$9(OLS)http://semarc/title/172434 996 $6260$aParis :$bLes Éditions du Cerf$9(OLS)http://semarc/publisher/29611